00489 2200205 4500001002100000008004100021035002000062245003600082100002200118250000600140260004200146300001100188084001400199082000800213650001400221990001200235990001200247990001200259990001200271INLIS000000000000569 ind  a0010-0424000545 aListrik DasarcSri Teguh Widodo aTeguh Widodo, Sri a1 aKlaten :bSaka Mitra Kompetensic2011 a92 hlm a600 SRI l a600 aNon Fiksi a0722304 a0722305 a0722306 a0722307